Normal view
MARC view
- Mental illness
Entry Topical Term
001 - CONTROL NUMBER
- control field: 5999
003 - CONTROL NUMBER IDENTIFIER
- control field: OSt
005 - DATE AND TIME OF LATEST TRANSACTION
- control field: 20101221120542.0
008 - FIXED-LENGTH DATA ELEMENTS
- fixed length control field: 101221|||a|||||| | ||| d
040 ## - CATALOGING SOURCE
- Original cataloging agency: OSt
- Transcribing agency: OSt
150 ## - HEADING--TOPICAL TERM
- Topical term or geographic name as entry element: Mental illness
670 ## - SOURCE DATA FOUND
- Source citation: Work cat.: (OSt): Felnew, Robert D. ed. 5996, Preventive psychology, 1983
670 ## - SOURCE DATA FOUND
- Source citation: Work cat.: (OSt): Felnew, Robert D. ed. 5996, Preventive psychology, 1983
